000 00446nam a2200169Ia 4500
003 GCL
008 140319s9999 xx 000 0 ara d
040 _aGCL /
_cGCL
082 0 4 _a813.03
_bم ح
100 1 _aمحمود عيسى المشهدى
245 1 0 _aالحب لا يكفى /
_cمحمود عيسى المشهدى
490 _a
650 0 4 _aالادب العربى
650 0 4 _aالادب
650 0 4 _aالقصة
942 _2ddc
_cBK
999 _c39891
_d39891